000 00439nam a2200169Ia 4500
008 180921t2015 xxu||||| |||| 00| 0 sin d
041 _asin
080 _a8C3
_b(Youth) BUR
100 _aBurnett, Frances Hodgson
245 _aඅඬන හොල්මන
246 _aAdana Holmana
260 _bAratuwa publisher
_aMigamuwa
_c2015
300 _a120p, 22cm
942 _cBK
999 _c10480
_d10480
003 LK-CoDNM
040 _aLK-CoDNM
_dLK-CoDNM
_eLK-CoDNM